Normale Ansicht MARC-Ansicht ISBD

Wie es mit der Hilfe für Flüchtlinge weitergeht. (Titelsatznr. 372263)

[ MARC ]
MARC-Details
000 -Satzkennung
Kontrollfeld mit fester Länge 00774nab a2200193 4500
001 - Kontrollnummer
Kontrollfeld 90031
003 - Kontrollnummer Identifier
Kontrollfeld OSt
005 - Datum und Zeit der letzten Transaktion
Kontrollfeld 20230303120853.0
007 - Feld mit fester Länge zur physischen Beschreibung - Allgemeine Information
Kontrollfeld mit fester Länge tu
008 - Feld mit fester Länge zur physischen Beschreibung - Allgemeine Angaben
Kontrollfeld mit fester Länge 110905s2000|||||||
040 ## - Katalogisierungsquelle
Original-Katalogisierungsstelle DE-2950
Übertragungsstelle DE-2950
245 00 - Titel
Titel Wie es mit der Hilfe für Flüchtlinge weitergeht.
Zusatz zum Titel Integration. Als vor einem Jahr der Krieg in der Ukraine begann, wollte auch die Lebenshilfe in Frankfurt etwas tun. Mit einem Projekt hat der Verein weit mehr als 100 Menschen unterstützt, nun läuft es aus. Doch die Mitarbeiter haben neue Ideen /
Verfasserangabe etc. Lisa Mahlke
264 ## - Produktion, Veröffentlichung, Distribution, Herstellung und Urheberrechtsvermerk
Datum der Herstellung, der Veröffentlichung, des Vertriebs oder des Urheberschutzvermerks 2023
653 ## - Indexierungsterm - Nicht normiert
Nicht-normierter Term Frankfurt (Oder)
653 ## - Indexierungsterm - Nicht normiert
Nicht-normierter Term Soziale Arbeit
653 ## - Indexierungsterm - Nicht normiert
Nicht-normierter Term Verein Lebenshilfe
773 0# - Übergeordnete Einheit
Verknüpfungsangaben 34. Jahrgang (2023) Nr. 48, 25./26.02.2023, Seite 19: mit Foto
Titel Märkische Oderzeitung
942 ## - Zusätzliche Felder (Koha)
Klassifikation oder Aufstellungssystematik Andere/Generische Klassifikation
Koha-Medientyp Aufsätze
Exemplare
Ausgeschieden Verloren Klassifikation oder Aufstellungssystematik Beschädigt Nicht entleihbar Heimatbibliothek Aufenthaltsbibliothek Aufstellungsort Erwerbungsdatum Anzahl Ausleihen Signatur Letzte Aktivität Preis gültig von Koha-Medientyp
    Andere/Generische Klassifikation     Stadtarchiv Frankfurt (Oder) | Archivbibliothek Stadtarchiv Frankfurt (Oder) | Archivbibliothek Magazin 03/03/2023   Z2 03/03/2023 03/03/2023 Aufsätze